| 000 | 01718cam a22003731i 4500 | ||
|---|---|---|---|
| 003 | SA-RiAUC | ||
| 005 | 20250724054236.0 | ||
| 008 | 250722s2002 su a g b f00000 ara c | ||
| 020 | _a9960001784 | ||
| 040 |
_aSD-KhSNL _bara _cSA-RiAUC _erda |
||
| 043 | _aa-su--- | ||
| 060 | _bس. ن | ||
| 082 | 0 | 4 |
_a729.1909531 _qSA-RiAUC |
| 090 |
_a729.1909531 _bذ ي ي |
||
| 100 | 1 |
_aالذييب، سليمان عبد الرحمن محمد، _d1377 هجري- _eمؤلف. |
|
| 245 | 1 | 0 |
_aنقوش جبل أم جذايذ النبطية : _bدراسة تحليلية / _cسليمان بن عبد الرحمن الذييب. |
| 250 | _aالطبعة الأولى. | ||
| 264 | 1 |
_aالرياض : _bمكتبة الملك فهد الوطنية، _c2002 |
|
| 300 |
_a333 صفحة : _bإيضاحيات ؛ _c24 سم. |
||
| 336 |
_aنص _btxt _2rdacontent _3كتاب |
||
| 337 |
_aبدون وسيط _bn _2rdamedia |
||
| 338 |
_aمجلد _bnc _2rdacarrier |
||
| 490 | 1 |
_aمطبوعات مكتبة الملك فهد الوطنية. _aالسلسلة الثالثة |
|
| 504 | _aيشتمل على ببليوجرافية. | ||
| 504 | _aببليوجرافية : صفحة 225-252. | ||
| 520 | 0 | _aيتناول الكتاب الموطن الأصلي للأنباط والنقوش المدروسة. | |
| 650 | 7 |
_aالنقوش النبطية _zالسعودية _zجبل أم جذايذ _2aucsh |
|
| 651 | 7 |
_aجبل أم جذايذ (السعودية) _xآثار _2aucsh |
|
| 651 | 7 |
_aالسعودية _xآثار _2aucsh |
|
| 830 | 0 |
_aمطبوعات مكتبة الملك فهد الوطنية. _pالسلسلة الثالثة |
|
| 942 |
_2ddc _cBOOK _n0 |
||
| 949 |
_aSA-JeALM _d250722 _umohamedma123 _n1 |
||
| 999 |
_c10243 _d10243 |
||